| 000 | 00506nam a22001817a 4500 | ||
|---|---|---|---|
| 003 | BD-DhUL | ||
| 005 | 20190220161518.0 | ||
| 008 | 181017s1956 pk ||||| |||| 00| 0 urd d | ||
| 040 |
_aBD-DhUL _cBD-DhUL |
||
| 082 |
_a891.433 _bTUS |
||
| 100 | 1 | 0 | _aطفیل، محمد۔ |
| 245 | 0 | 0 |
_aصاحب / _cمحمد طفیل۔ |
| 246 | _aṢāḥeb | ||
| 260 |
_aلاہور : _bادارۂ فروغ اردو، _c۱۹۵۶۔ |
||
| 300 |
_aص۔ ۲۰۵ ؛ _c ۲۱ سم۔ |
||
| 650 | 4 | _aUrdu fiction. | |
| 942 |
_2ddc _cBK |
||
| 999 |
_c246242 _d246242 |
||